000 01106nam a22002537a 4500
005 20240530110936.0
008 221015s2021 ua af f 000 0 ara d
017 _a2021/11510
_bمصر. دار الكتب
020 _a9789776809451
040 _aEG-CaGPL
_cEG-CaGPL
082 0 4 _221
_a745.449
_bق/ر أ
100 0 _aرمضان شعبان على
245 1 2 _aالاساطير القديمة وتاثيرها على الفنون الزخرفية الاسلامية فى مصر :
_bخلال العصر العثمانى وعصر اسرة محمد على /
_cرمضان شعبان على ؛ تقديم عصام الفرماوى
250 _aط. 1
260 _aالجيزة :
_bالمؤسسة الدولية للكناب،
_c2021
300 _a344 ص. :
_bايض. ؛
_c24 سم.
650 0 7 _2qrmak
_aالحضارة المصرية القديمة
650 0 7 _aالفن المصرى القديم
650 0 7 _aالاثار الفرعونية
650 0 7 _aالزخرفة
700 0 _aعصام الفرماوى
_eمقدم
942 _cBK
_2ddc
999 _c66746
_d66746